01048nam a2200265Ia 4500003000900000008004100009020001800050040001600068080002200084111010600106245016700212260005800379300001500437490003400452650002200486650002500508650002700533650001900560650002300579700002800602700002900630942000700659999001700666952009900683IN-BaIIA211028s9999 xx 000 0 eng d a1-58381-085-4 cIIA Library a082.2:52bASP-247 aConference Spectroscopic Challenges of Photoionized PlasmascKentucky, U.S.A.d2000 Nov. 13-17926066 0aSpectroscopic challenges of photoionized plasmasbproceedings of a conference held in Kentucky, U.S.A., November 13-17, 2000cedited by G. Ferland and D. W. Savin aCaliforniabAstronomical Society of the Pacificc2001 axiv, 556p. aASP conference series; v. 247 aAstrophysics9794 aAtomic physics91547 aPhotoionisation926067 aPlasams926068 aSpectroscopy91535 aFerland, G., ed.926069 aSavin, D. W., ed.926070 cBK c14629d14629 00104070aBANbBANcGENd2002-05-08l0o082.2:52/ ASP-247p15551r2021-11-05w2002-05-08yBK